Missing Word: 'G' Authors Quiz Stats

 Plays Quiz Updated Dec 7, 2015

Challenge
Share
Tweet
Embed
Score 0/20 Timer 04:00
1 Play Today
Author Answer % Correct
_____ Bernard ShawGeorge
96.6%
_____ VidalGore
89.1%
John _____Grisham
86.9%
Jacob and Wilhelm _____Grimm
82.5%
_____ ChaucerGeoffrey
81.2%
William _____Golding
72.8%
Graham _____Greene
71.6%
Zane _____Grey
69.7%
_____ SteinGertrude
67.5%
_____ García MárquezGabriel
63.3%
Author Answer % Correct
_____ FlaubertGustave
59.6%
_____ de MaupassantGuy
58.9%
Sue _____Grafton
58.6%
Kenneth _____Grahame
44.1%
_____ GrassGünter
42.8%
_____ MaguireGregory
41.5%
Neil _____Gaiman
37.5%
_____ PaulsenGary
36%
Robert _____Graves
32.3%
Nikolai _____Gogol
31.2%

Today's Daily Dose

You're not logged in!

Compare scores with friends on all Sporcle quizzes.
Join for Free
OR
Log In

You Might Also Like...

Show Comments

Extras

Top Quizzes Today


Score Distribution

Your Account Isn't Verified!

In order to create a playlist on Sporcle, you need to verify the email address you used during registration. Go to your Sporcle Settings to finish the process.

Report this User

Report this user for behavior that violates our Community Guidelines.

Details: